000 00436nam a2200157Ia 4500
008 210719s1960 xx 000 0 und d
041 _aeng
082 _a327 HOFC
100 _aHOFFMANN (Stanley), Ed
245 _aContemporary theory in international relations.
260 _aNY
_bPrentice-Hall, Inc.
_c1960
300 _ax,293
_bHB
365 _cRs
650 _aInternational Relations
906 _aInternational relations theory
999 _c212776
_d212776